000
00329nam a2200145Ia 4500
008
231217s9999 xx 000 0 und d
041
_a
English
082
_a
793.73 SHA
100
_a
Shakuntala Devi
245
0
_a
More puzzles
260
_c
1985
_b
New Delhi : Orient,
300
_a
199
650
_a
Puzzles
942
_c
AA
999
_c
165845
_d
165845